00954nab a22002057a 4500999001500000003000400015005001700019008004100036040000700077100003500084245005700119300001300176505029700189505007200486650002800558650002600586650001900612773010400631942001300735 c5823d5823OSt20260107120811.0190514b xxu||||| |||| 00| 0 spa d cPJ 96661aComoglio, María Julia 10aAlimentos y criptoactivos /cMaría Julia Comoglio. ap. 63-74 aSumario: I. Punto de partida.— II. Repensar el derecho alimentario en la Cuarta Revolución Industrial.— III. Criptoactivos en el derecho alimentario.— IV. Cuestiones relacionadas a las pruebas.— V. Ejecución de alimentos adeudados y criptoactivos.— VI. Conclusiones provisorias. tSi te interesa el texto, comunicate a koha@justierradelfuego.gov.ar 09967aDERECHO DE FAMILIA 09614aDERECHOS HUMANOS 09968aALIMENTOS0 0284493222dBuenos Aires : AbeledoPerrot, 1989-tDerecho de familia. N° 118 - Marzo 2025z18511201 2udccANA